<?xml version="1.0" encoding="UTF-8"?>
<record
    xmlns:xsi="http://www.w3.org/2001/XMLSchema-instance"
    xsi:schemaLocation="http://www.loc.gov/MARC21/slim http://www.loc.gov/standards/marcxml/schema/MARC21slim.xsd"
    xmlns="http://www.loc.gov/MARC21/slim">

  <leader>00363nam a2200145Ia 4500</leader>
  <controlfield tag="008">150201s2010    xx            000 0 und d</controlfield>
  <datafield tag="082" ind1=" " ind2=" ">
    <subfield code="a">519.5</subfield>
    <subfield code="b">M10M</subfield>
  </datafield>
  <datafield tag="100" ind1=" " ind2=" ">
    <subfield code="a">MAHAJAN , B.K.</subfield>
  </datafield>
  <datafield tag="245" ind1=" " ind2=" ">
    <subfield code="a">METHODS IN BIOSTATISTICS FOR MEDICAL STUDENTS</subfield>
  </datafield>
  <datafield tag="250" ind1=" " ind2=" ">
    <subfield code="a">7TH</subfield>
  </datafield>
  <datafield tag="260" ind1=" " ind2=" ">
    <subfield code="b">JAYPEE</subfield>
    <subfield code="a">DELHI</subfield>
    <subfield code="c">2010</subfield>
  </datafield>
  <datafield tag="300" ind1=" " ind2=" ">
    <subfield code="a">1-343</subfield>
  </datafield>
  <datafield tag="650" ind1=" " ind2=" ">
    <subfield code="a">BIOSTATISTICS</subfield>
  </datafield>
  <datafield tag="942" ind1=" " ind2=" ">
    <subfield code="2">ddc</subfield>
    <subfield code="c">BK</subfield>
    <subfield code="0">41</subfield>
  </datafield>
  <datafield tag="952" ind1=" " ind2=" ">
    <subfield code="0">0</subfield>
    <subfield code="1">0</subfield>
    <subfield code="2">ddc</subfield>
    <subfield code="4">0</subfield>
    <subfield code="7">0</subfield>
    <subfield code="8">MEDICAL</subfield>
    <subfield code="a">FM</subfield>
    <subfield code="b">FM</subfield>
    <subfield code="c">TXT</subfield>
    <subfield code="d">2014-01-23</subfield>
    <subfield code="e">ABC DELHI</subfield>
    <subfield code="g">350.00</subfield>
    <subfield code="i">SGTU</subfield>
    <subfield code="l">0</subfield>
    <subfield code="o">519.5 M10M</subfield>
    <subfield code="p">FM5685</subfield>
    <subfield code="r">2015-02-09 00:00:00</subfield>
    <subfield code="w">2014-02-11</subfield>
    <subfield code="y">BK</subfield>
    <subfield code="k">4209</subfield>
  </datafield>
  <datafield tag="952" ind1=" " ind2=" ">
    <subfield code="0">0</subfield>
    <subfield code="1">0</subfield>
    <subfield code="2">ddc</subfield>
    <subfield code="4">0</subfield>
    <subfield code="7">0</subfield>
    <subfield code="8">MEDICAL</subfield>
    <subfield code="a">FM</subfield>
    <subfield code="b">FM</subfield>
    <subfield code="c">TXT</subfield>
    <subfield code="d">2014-01-23</subfield>
    <subfield code="e">ABC DELHI</subfield>
    <subfield code="g">350.00</subfield>
    <subfield code="i">SGTU</subfield>
    <subfield code="l">46</subfield>
    <subfield code="o">519.5 M10M</subfield>
    <subfield code="p">FM5686</subfield>
    <subfield code="r">2025-12-24 00:00:00</subfield>
    <subfield code="s">2025-12-10</subfield>
    <subfield code="w">2014-02-11</subfield>
    <subfield code="y">BK</subfield>
    <subfield code="k">4209</subfield>
  </datafield>
  <datafield tag="952" ind1=" " ind2=" ">
    <subfield code="0">0</subfield>
    <subfield code="1">0</subfield>
    <subfield code="2">ddc</subfield>
    <subfield code="4">0</subfield>
    <subfield code="7">0</subfield>
    <subfield code="8">MEDICAL</subfield>
    <subfield code="a">FM</subfield>
    <subfield code="b">FM</subfield>
    <subfield code="c">TXT</subfield>
    <subfield code="d">2014-01-23</subfield>
    <subfield code="e">ABC DELHI</subfield>
    <subfield code="g">350.00</subfield>
    <subfield code="i">SGTU</subfield>
    <subfield code="l">34</subfield>
    <subfield code="o">519.5 M10M</subfield>
    <subfield code="p">FM5687</subfield>
    <subfield code="r">2025-12-22 00:00:00</subfield>
    <subfield code="s">2025-12-09</subfield>
    <subfield code="w">2014-02-11</subfield>
    <subfield code="y">BK</subfield>
    <subfield code="k">4209</subfield>
  </datafield>
  <datafield tag="952" ind1=" " ind2=" ">
    <subfield code="0">0</subfield>
    <subfield code="1">0</subfield>
    <subfield code="2">ddc</subfield>
    <subfield code="4">0</subfield>
    <subfield code="7">0</subfield>
    <subfield code="8">MEDICAL</subfield>
    <subfield code="a">FM</subfield>
    <subfield code="b">FM</subfield>
    <subfield code="c">TXT</subfield>
    <subfield code="d">2014-01-23</subfield>
    <subfield code="e">ABC DELHI</subfield>
    <subfield code="g">350.00</subfield>
    <subfield code="i">SGTU</subfield>
    <subfield code="l">45</subfield>
    <subfield code="m">2</subfield>
    <subfield code="o">519.5 M10M</subfield>
    <subfield code="p">FM5688</subfield>
    <subfield code="r">2026-04-15 00:00:00</subfield>
    <subfield code="s">2026-03-30</subfield>
    <subfield code="w">2014-02-11</subfield>
    <subfield code="y">BK</subfield>
    <subfield code="k">4209</subfield>
  </datafield>
  <datafield tag="952" ind1=" " ind2=" ">
    <subfield code="0">0</subfield>
    <subfield code="1">0</subfield>
    <subfield code="2">ddc</subfield>
    <subfield code="4">0</subfield>
    <subfield code="7">0</subfield>
    <subfield code="8">MEDICAL</subfield>
    <subfield code="a">FM</subfield>
    <subfield code="b">FM</subfield>
    <subfield code="c">TXT</subfield>
    <subfield code="d">2014-01-23</subfield>
    <subfield code="e">ABC DELHI</subfield>
    <subfield code="g">350.00</subfield>
    <subfield code="i">SGTU</subfield>
    <subfield code="l">0</subfield>
    <subfield code="o">519.5 M10M</subfield>
    <subfield code="p">FM5689</subfield>
    <subfield code="r">2018-07-21 00:00:00</subfield>
    <subfield code="w">2014-02-11</subfield>
    <subfield code="y">BK</subfield>
    <subfield code="k">4209</subfield>
  </datafield>
  <datafield tag="999" ind1=" " ind2=" ">
    <subfield code="c">1622</subfield>
    <subfield code="d">1622</subfield>
  </datafield>
</record>
